Normal view
MARC view
- البطاينة،أسامة أحمد تأليف/الرشدان،مالك أحمد م.مشارك/السبايلة،عبيد عبد الكريم م.مشارك/الخطاطبة،عبد المجيد محمد م/شارك
Entry Personal Name
001 - CONTROL NUMBER
- control field: 27355
003 - CONTROL NUMBER IDENTIFIER
- control field: JO-AjAnu
005 - DATE AND TIME OF LATEST TRANSACTION
- control field: 20230606074640.0
008 - FIXED-LENGTH DATA ELEMENTS
- fixed length control field: 230606|| aca||aabn | a|a d
040 ## - CATALOGING SOURCE
- Original cataloging agency: JO-AjAnu
- Transcribing agency: JO-AjAnu
100 ## - HEADING--PERSONAL NAME
- Personal name: البطاينة،أسامة أحمد تأليف/الرشدان،مالك أحمد م.مشارك/السبايلة،عبيد عبد الكريم م.مشارك/الخطاطبة،عبد المجيد محمد م/شارك
670 ## - SOURCE DATA FOUND
- Source citation: Work cat.: (JO-AjAnu)14049: البطاينة،أسامة أحمد تأليف/الرشدان،مالك أحمد م.مشارك/السبايلة،عبيد عبد الكريم م.مشارك/الخطاطبة،عبد المجيد محمد م/شارك, author, صعوبات التعلم ،النظرية والممارسة= Learning Disabilities